UBT Library

Electromagnetic spectrum new many speeds theory / (Record no. 44772)

000 -LEADER
fixed length control field 00661cam a22002417a 4500
001 - CONTROL NUMBER
control field 15639077
005 - DATE AND TIME OF LATEST TRANSACTION
control field 20180312092913.0
008 - FIXED-LENGTH DATA ELEMENTS--GENERAL INFORMATION
fixed length control field 090226s2008 txuac 001 0 eng d
010 ## - LIBRARY OF CONGRESS CONTROL NUMBER
LC control number 2009287012
020 ## - INTERNATIONAL STANDARD BOOK NUMBER
International Standard Book Number 9780976522812
020 ## - INTERNATIONAL STANDARD BOOK NUMBER
International Standard Book Number 0976522810
035 ## - SYSTEM CONTROL NUMBER
System control number (OCoLC)ocn301543427
040 ## - CATALOGING SOURCE
Original cataloging agency SDB
Transcribing agency SDB
Modifying agency DLC
041 ## - LANGUAGE CODE
Language code of text/sound track or separate title eng
042 ## - AUTHENTICATION CODE
Authentication code lccopycat
080 ## - UNIVERSAL DECIMAL CLASSIFICATION NUMBER
Universal Decimal Classification number 621 WAL
100 1# - Rafti
Rafti 27
101 ## - Shkurtesa
Shkurtesa MEC
245 10 - TITLE STATEMENT
Title Electromagnetic spectrum new many speeds theory /
Statement of responsibility, etc Walter H. Volkmann.
906 ## - LOCAL DATA ELEMENT F, LDF (RLIN)
a 7
b cbc
c copycat
d 3
e ncip
f 20
g y-gencatlg
942 ## - ADDED ENTRY ELEMENTS (KOHA)
Source of classification or shelving scheme
Item type Books
Holdings
Withdrawn status Lost status Source of classification or shelving scheme Damaged status Not for loan Collection code Permanent location Current location Shelving location Date acquired Total Checkouts Full call number Barcode Date last seen Price effective from Koha item type
          Koleksioni i përgjithshem UBT - Lipjan UBT - Lipjan Koleksioni i përgjithshem 03/12/2018   621 WAL 002-3001407 03/12/2018 03/12/2018 Books
UBT Library © 2015-2024. All rights reserved University Education for Business and Technology